Newswriting exercises

This book is designed for a one-year course in newswriting. It can be divided into 16-week semesters or three 10-week quarters, with one two-hour laboratory writing session each week.

Bewaard in:
Bibliografische gegevens
Hoofdauteur: Perry, Murvin H.
Formaat: Boek
Taal:Undetermined
Gepubliceerd in: Dubuque, Iowa Kendall/Hunt 1975
Onderwerpen:
Tags: Voeg label toe
Geen labels, Wees de eerste die dit record labelt!
Thư viện lưu trữ: Trung tâm Học liệu Trường Đại học Cần Thơ
LEADER 00668nam a2200193Ia 4500
001 CTU_40857
008 210402s9999 xx 000 0 und d
082 |a 808.06 
082 |b P464 
100 |a Perry, Murvin H. 
245 0 |a Newswriting exercises 
245 0 |c Murvin H. Perry 
260 |a Dubuque, Iowa 
260 |b Kendall/Hunt 
260 |c 1975 
520 |a This book is designed for a one-year course in newswriting. It can be divided into 16-week semesters or three 10-week quarters, with one two-hour laboratory writing session each week. 
650 |a Journalism,Rhetoric 
904 |i Minh 
980 |a Trung tâm Học liệu Trường Đại học Cần Thơ